Datum a čas kvízu
33.5
Celkem bodů
Celkový počet nahraných bodů na tomto kvízu bez doplňovacích otázek.
6.
Pořadí na kvízu
Konečné umístění týmu na tomto kvízu.
Zaznamenané odpovědi
| # | Otázka | Odpověď | Body | Výsledky |
|---|---|---|---|---|
| 1. | Kterými slovy ukončila Markéta... | D | 0 | |
| 2. | V pondělí padla vláda jedné ev... | Francie | 0 | |
| 3. | Čeští a slovenští archeologové... | v Guatemale | 1 | |
| 4. | Roční míra inflace v jisté zem... | Argentina | 1 | |
| 5. | K nepříjemné situaci došlo v p... | Jakub Kovář | 0 | |
| 6. | Čeština má celkem 3 gramatické... | 14 | 1 | |
| 7. | Přiřaďte ke každému slovu jeho... | 1D 2C 3A 4B | 0 | |
| 8. | Dva gramatické rody můžeme při... | sršeň | 1 | |
| 9. | V minulé otázce jsme se ptali... | zombie | 1 | |
| 10. | Začátkem roku 2023 byla Ústave... | hranolka, hranolek | 1 |